[Event "IECC M email"]
[Site "IECC email"]
[Date "2003.03.30"]
[Round "?"]
[White "Stanslaski, Eric"]
[Black "Jonsson, Gudbrandur"]
[Result "0-1"]
[WhiteElo "1485"]
[BlackElo "1606"]
[PlyCount "121"]
[EventDate "2003.??.??"]
[EventType "tourn (corr)"]
[EventRounds "6"]
[SourceTitle "Corr 2008"]
[Source "ChessBase"]
[SourceDate "2008.06.24"]
[SourceVersion "1"]
[SourceVersionDate "2008.06.24"]
[SourceQuality "1"]

1. c4 c5 2. Nc3 e6 3. g3 Nf6 4. Bg2 Be7 5. e4 0-0 6. d3 Nc6 7. Nge2 d6 8. 0-0 e5 9. f4 Bg4 10. h3 Bd7 11. fxe5 dxe5 12. Nd5 Nxd5 13. exd5 Nd4 14. a3 Nxe2+ 15. Qxe2 f6 16. Bd2 Qc8 17. b4 Bxh3 18. Bxh3 Qxh3 19. Qg2 Qxg2+ 20. Kxg2 b6 21. bxc5 bxc5 22. Rab1 a5 23. Rb5 a4 24. Rfb1 Rfe8 25. Ba5 Rac8 26. Rb7 Bf8 27. Ra7 e4 28. Bc7 exd3 29. d6 Re2+ 30. Kh3 Be7 31. dxe7 Rxe7 32. Bb6 Rxa7 33. Bxa7 Rc7 34. Bb8 Rd7 35. Bf4 Kf7 36. Bd2 Rd4 37. Rc1 Re4 38. g4 Re2 39. Rd1 Ke6 40. Bf4 g5 41. Bb8 Re3+ 42. Kg2 f5 43. Kf2 f4 44. Bc7 Kd7 45. Bb6 Kc6 46. Bd8 h6 47. Bf6 Re2+ 48. Kf3 Re6 49. Bg7 Re3+ 50. Kf2 Rh3 51. Bf8 h5 52. gxh5 g4 53. h6 Rh2+ 54. Kg1 Rh3 55. Kg2 f3+ 56. Kg1 g3 57. Bg7 Rh2 58. Rxd3 f2+ 59. Kf1 Rh1+ 60. Kg2 f1Q+ 61. Kxg3 0-1